LEADER 00853nas 2200349 c 450 001 9910893900003321 005 20151020085827.0 035 $a(CKB)5280000000201543 035 $a(DE-599)ZDB2836956-7 035 $a(DE-101)1077536763 035 $a(EXLCZ)995280000000201543 100 $a20151013a20129999 |y | 101 0 $aeng 135 $aur||||||||||| 181 $ctxt$2rdacontent 182 $cc$2rdamedia 183 $acr$2rdacarrier 200 00$aUncube 210 31$aBerlin$cBauNetz Media$d2012- 215 $aOnline-Ressource 300 $aGesehen am 13.10.2015 517 1 $aUncube magazine 608 $aZeitschrift$2gnd-content 676 $a690 676 $a720 801 0$b0109 801 1$bDE-101 801 2$b6999 906 $aJOURNAL 912 $a9910893900003321 996 $aUncube$94295691 997 $aUNINA